[Event "Peterborough 4NCL Easter U1700 op"]
[Site "Peterborough"]
[Date "2024.04.01"]
[Round "7"]
[White "Bellano, Harry"]
[Black "Smith, Adam"]
[Result "1/2-1/2"]
[WhiteElo "1603"]
[BlackElo "1646"]
[PlyCount "85"]
[EventDate "2024.03.29"]
[EventType "swiss"]
[EventRounds "7"]
[EventCountry "ENG"]
[SourceTitle "CB14_2024"]
[SourceDate "2024.04.01"]
[SourceVersion "1"]
[SourceVersionDate "2024.04.01"]
[SourceQuality "1"]

1. e4 c6 2. d4 d5 3. f3 Nf6 4. e5 Ng8 5. Bg5 Bf5 6. Ne2 Qb6 7. b3 e6 8. Nbc3 h6 9. Bh4 Bb4 10. a3 Be7 11. Bxe7 Nxe7 12. Na4 Qc7 13. Ng3 Nd7 14. c4 Bg6 15. Bd3 Bxd3 16. Qxd3 0-0 17. 0-0 Rfd8 18. c5 b6 19. b4 bxc5 20. bxc5 Rab8 21. Rab1 Ng6 22. Ne2 Qa5 23. Nec3 Nf4 24. Qe3 Ng6 25. Qd3 Nh4 26. g3 Nf5 27. g4 Ne7 28. f4 f5 29. h3 Rxb1 30. Rxb1 Rb8 31. Rxb8+ Nxb8 32. Qb1 Qc7 33. Kf2 Nd7 34. Kf3 Ng6 35. Kg3 Nf6 36. gxf5 Nh5+ 37. Kg4 Ngxf4 38. fxe6 Qe7 39. Qf5 g6 40. Qf7+ Qxf7 41. exf7+ Kxf7 42. Kf3 Ne6 43. Ne2 1/2-1/2

[Event "British Rapidplay"]
[Site "Peterborough"]
[Date "2024.03.02"]
[Round "3"]
[White "Casti, Cristina"]
[Black "Bellano, Harry"]
[Result "0-1"]
[WhiteElo "1761"]
[BlackElo "1603"]
[PlyCount "50"]
[EventDate "2024.03.02"]
[EventType "swiss (rapid)"]
[EventRounds "11"]
[EventCountry "ENG"]
[SourceTitle "CB10_2024"]
[SourceDate "2024.03.06"]
[SourceVersion "1"]
[SourceVersionDate "2024.03.06"]
[SourceQuality "1"]

1. e4 e5 2. d4 exd4 3. c3 dxc3 4. Bc4 Nc6 5. Nf3 Bb4 6. Nxc3 Qe7 7. 0-0 Bxc3 8. bxc3 Nf6 9. Bg5 h6 10. Bh4 d6 11. Re1 Be6 12. Bd3 0-0-0 13. Qc2 g5 14. Nd4 Nxd4 15. cxd4 gxh4 16. Rac1 Kb8 17. d5 Bg4 18. h3 Bc8 19. Re3 Rhg8 20. Qb2 Nd7 21. Be2 Qg5 22. Bf3 Ne5 23. g4 hxg3 24. Rec3 Nxf3+ 25. Rxf3 gxf2+ 0-1

[Event "GBR-ch Major op 109th"]
[Site "Leicester"]
[Date "2023.07.22"]
[Round "1"]
[White "Freeman, Ashley"]
[Black "Bellano, Harry"]
[Result "1-0"]
[WhiteElo "1846"]
[BlackElo "1470"]
[PlyCount "83"]
[EventDate "2023.07.22"]
[EventType "swiss"]
[EventRounds "9"]
[EventCountry "ENG"]
[SourceTitle "EXT 2024"]
[Source "ChessBase"]
[SourceDate "2023.10.10"]
[SourceVersion "1"]
[SourceVersionDate "2023.10.10"]
[SourceQuality "1"]

1. e4 e5 2. Nf3 Nc6 3. Bc4 Bc5 4. b4 Bxb4 5. c3 Ba5 6. d4 exd4 7. 0-0 d6 8. Qb3 Qe7 9. e5 dxe5 10. Ba3 Qf6 11. Re1 Nge7 12. Nxe5 0-0 13. Nxc6 Nxc6 14. Bxf8 Kxf8 15. Bd5 b6 16. Qa3+ Bb4 17. cxb4 b5 18. Qf3 Qxf3 19. Bxf3 Bd7 20. Nd2 Rd8 21. a3 Ne7 22. Rac1 a5 23. Rxc7 a4 24. g3 Nc8 25. Bc6 Be6 26. Bxb5 Bb3 27. Nxb3 axb3 28. Bc4 Nd6 29. Bxb3 d3 30. Rd1 Nb5 31. Rxf7+ Kg8 32. Rd7+ Kf8 33. Rxd8+ Ke7 34. R1xd3 Nc3 35. Rxc3 Kxd8 36. b5 h5 37. b6 h4 38. b7 hxg3 39. b8Q+ Ke7 40. Qe5+ Kd8 41. Qd6+ Ke8 42. Re3# 1-0